Airline Quiz 2020 - Statistics

General Stats
  • This quiz has been taken 54 times
  • The average score is 9 of 15
Answer Stats
Question Answer % Correct
Which airline is the flag-carrier of Ireland? Aer Lingus
100%
Which 3 airlines operate the Paris Orly to Guadeloupe, Pointe-a-Pitre Int'l route? Air France, Air Caraibes and OpenSkies
100%
Which airline is the flag-carrier of Italy? Alitalia
100%
What is the name of the main airport on Barbados which British Airways (and other airlines) fly to? Bridgetown
100%
Which airline is now a part of Ryanair after spending some time as a budget airline? LaudaMotion
100%
Which Caribbean island is famous for KLM flying their Boeing 747s on its short runway? Sint Maarten
100%
What is the name of the budget airline which was created by Air France? Transavia
100%
Which Icelandic airline went out of service due to an 'unsustainable future' in late March of 2019? Wow Air
100%
What are the two airlines based in the Channel Islands? Aurigny and Blue Islands
50%
Which British budget airline mainly operates Airbus A320s? EasyJet
50%
What is the ICAO code for Bristol Airport? EGGD
0%
What is the ICAO code for Milan Bergamo Airport? LIME
0%
Which airline did FlyBe become after they collapsed? Loganair
0%
What is the main airport in the whole of the UK? London Heathrow (LHR/EGLL)
0%
What is the callsign for all British Airways flights? Speedbird
0%
No matching quizzes found
Score Distribution
Percent of People with Each Score
Percentile by Number Answered
Your Score History
You have not taken this quiz